Top 100 Russian Cities Typing Quiz Stats

 Plays Quiz not verified by Sporcle

Score 0/100 Timer 02:00
0 Plays Today
City % Correct
PermPerm
100%
UfaUfa
100%
OmskOmsk
100%
TulaTula
100%
TverTver
100%
OrskOrsk
97.6%
KazanKazan
97.6%
TomskTomsk
97.6%
PenzaPenza
97.6%
KirovKirov
97.6%
KurskKursk
95.1%
SochiSochi
95.1%
ChitaChita
95.1%
OryolOryol
95.1%
BiyskBiysk
90.2%
PskovPskov
90.2%
BratskBratsk
90.2%
EngelsEngels
90.2%
GroznyGrozny
90.2%
KalugaKaluga
90.2%
KhimkiKhimki
90.2%
KurganKurgan
90.2%
MoscowMoscow
90.2%
RyazanRyazan
90.2%
SamaraSamara
90.2%
SurgutSurgut
90.2%
TambovTambov
90.2%
TyumenTyumen
90.2%
SaratovSaratov
90.2%
IzhevskIzhevsk
90.2%
BarnaulBarnaul
90.2%
IrkutskIrkutsk
90.2%
LipetskLipetsk
90.2%
BryanskBryansk
90.2%
City % Correct
IvanovoIvanovo
90.2%
VologdaVologda
87.8%
SaranskSaransk
87.8%
YakutskYakutsk
85.4%
NalchikNalchik
85.4%
ShakhtyShakhty
82.9%
AngarskAngarsk
80.5%
RybinskRybinsk
73.2%
ArmavirArmavir
73.2%
PodolskPodolsk
73.2%
VoronezhVoronezh
70.7%
TolyattiTolyatti
68.3%
OrenburgOrenburg
68.3%
KemerovoKemerovo
65.9%
Ulan UdeUlan Ude
65.9%
BelgorodBelgorod
63.4%
VladimirVladimir
63.4%
SmolenskSmolensk
63.4%
VolzhskyVolzhsky
63.4%
MurmanskMurmansk
63.4%
KostromaKostroma
63.4%
TaganrogTaganrog
61%
BalakovoBalakovo
56.1%
KorolyovKorolyov
53.7%
VolgogradVolgograd
53.7%
KrasnodarKrasnodar
51.2%
UlyanovskUlyanovsk
51.2%
YaroslavlYaroslavl
43.9%
AstrakhanAstrakhan
41.5%
StavropolStavropol
41.5%
Syktyvkar Syktyvkar
36.6%
KhabarovskKhabarovsk
36.6%
CheboksaryCheboksary
34.1%
DzerzhinskDzerzhinsk
29.3%
City % Correct
Balashikha Balashikha
29.3%
NovosibirskNovosibirsk
29.3%
ChelyabinskChelyabinsk
29.3%
KrasnoyarskKrasnoyarsk
29.3%
VladivostokVladivostok
29.3%
MakhachkalaMakhachkala
29.3%
KaliningradKaliningrad
26.8%
ArkhangelskArkhangelsk
24.4%
CherepovetsCherepovets
24.4%
VladikavkazVladikavkaz
24.4%
Yoshkar OlaYoshkar Ola
24.4%
Rostov on Don Rostov on Don
24.4%
NizhnekamskNizhnekamsk
22%
Stary OskolStary Oskol
22%
ProkopyevskProkopyevsk
22%
NovokuznetskNovokuznetsk
22%
MagnitogorskMagnitogorsk
22%
Nizhny TagilNizhny Tagil
22%
SterlitamakSterlitamak
22%
PetrozavodskPetrozavodsk
22%
NovorossiyskNovorossiysk
22%
SeverodvinskSeverodvinsk
22%
YekaterinburgYekaterinburg
22%
Nizhnevartosk Nizhnevartosk
22%
Nizhny NovgorodNizhny Novgorod
19.5%
Veliky NovgorodVeliky Novgorod
17.1%
BlagoveshchenskBlagoveshchensk
17.1%
Saint PetersburgSaint Petersburg
14.6%
Yuzhno SakhalinskYuzhno Sakhalinsk
14.6%
Naberezhnye ChelnyNaberezhnye Chelny
9.8%
Komsomolsk on Amur Komsomolsk on Amur
4.9%
Petropavlovsk KamchatskyPetropavlovsk Kamchatsky
4.9%

You're not logged in!

Compare scores with friends on all Sporcle quizzes.
OR
Log In

Sporcle TV

Today on Sporcle TV


Watch our educational content, quiz creation guides, and fun videos on Sporcle TV.

Show Comments

Extras

Top Quizzes Today


Score Distribution

Your Account Isn't Verified!

In order to create a playlist on Sporcle, you need to verify the email address you used during registration. Go to your Sporcle Settings to finish the process.

Report this User

Report this user for behavior that violates our Community Guidelines.

Details: